Normal view
MARC view
- Maryam Naveed
Entry Personal Name
001 - CONTROL NUMBER
- control field: 89209
003 - CONTROL NUMBER IDENTIFIER
- control field: NUST
005 - DATE AND TIME OF LATEST TRANSACTION
- control field: 20220218150042.0
008 - FIXED-LENGTH DATA ELEMENTS
- fixed length control field: 220218|| aca||aabn | a|a d
040 ## - CATALOGING SOURCE
- Original cataloging agency: NUST
- Transcribing agency: NUST
100 ## - HEADING--PERSONAL NAME
- Personal name: Maryam Naveed
670 ## - SOURCE DATA FOUND
- Source citation: Work cat.: (NUST): Maryam Naveed, TH-SOF-1966-Generalized Churn Classification Across Multiple Business Domains, 2022.
